نا د يد ہ بہا ر و ن کے نشا ن:نا و ل (Record no. 87358)

MARC details
000 -LEADER
fixed length control field 01369nam a22002897a 4500
005 - DATE AND TIME OF LATEST TRANSACTION
control field 20170410153431.0
008 - FIXED-LENGTH DATA ELEMENTS--GENERAL INFORMATION
fixed length control field 140714b xxu||||| |||| 00| 0 Urdu d
010 ## - LCCN (DPL NO)
LC control number UR-8623 B-548008-011 B-665899
020 ## - INTERNATIONAL STANDARD BOOK NUMBER
International Standard Book Number 9789350731185
Terms of availability 180.00
035 ## - SYSTEM CONTROL NUMBER
System control number U-7178 B-548008-011 B-665899
037 ## - SOURCE OF ACQUISITION
Source of stock number/acquisition BPPD/Pub/Ven
037 ## - SOURCE OF ACQUISITION
Source of stock number/acquisition DBAD/Pub.
037 ## - SOURCE OF ACQUISITION
Source of stock number/acquisition Pansy Books(Vend.)/Edu pub.House(Pub.)
040 ## - CATALOGING SOURCE
Original cataloging agency DPL
Language of cataloging Urdu
082 ## - DEWEY DECIMAL CLASSIFICATION NUMBER
Classification number ن
100 ## - MAIN ENTRY--PERSONAL NAME
Personal name شا يستہ فا خر ی
245 ## - TITLE STATEMENT
Title نا د يد ہ بہا ر و ن کے نشا ن:نا و ل
Statement of responsibility, etc شا يستہ فا خر ی
246 ## - VARYING FORM OF TITLE
Title proper/short title Nadeeda Baharon ke Nishan (Novel)
Remainder of title by Shaista Fakhri
260 ## - PUBLICATION, DISTRIBUTION, ETC. (IMPRINT)
Place of publication, distribution, etc د ھلی
Name of publisher, distributor, etc ا يجو کيشنل پبليشنگ ہا ؤس
Date of publication, distribution, etc 2013
260 ## - PUBLICATION, DISTRIBUTION, ETC. (IMPRINT)
Name of publisher, distributor, etc Pansy Books(Vender)
270 ## - ADDRESS
Address 3108،و کيل اسٹر يٹ ،کو چہ پنڈ ت ،لال کنو ا ن
City د ھلی
Postal code 110006
Telephone number 23216162،23214465
270 ## - ADDRESS
Address R2,/66/A Somesh Vihar,Chhawala
City New Delhi
Postal code 110071
Telephone number 01125317355
300 ## - PHYSICAL DESCRIPTION
Extent 160ص
Dimensions 22Cm (Hb)
942 ## - ADDED ENTRY ELEMENTS (KOHA)
Source of classification or shelving scheme Dewey Decimal Classification
Item type Urdu Bks
Edition
Classification part ن
Call number suffix ش ا ء
Holdings
Withdrawn status Lost status Source of classification or shelving scheme Damaged status Not for loan Collection code Home library Current library Date acquired Source of acquisition Cost, normal purchase price Total Checkouts Full call number Barcode Date last seen Copy number Cost, replacement price Koha item type
    Dewey Decimal Classification     Fiction Ashok Vihar Ashok Vihar 10/04/2017 BPPD/UR/2014-15/AV/16-17/656/17.217//P/1638/6.3.17/8.3.17 180.00   ن ش ا ء B-665899 10/04/2017 1 180.00 Urdu Bks
    Dewey Decimal Classification     Fiction Central Library Central Library 19/11/2014 BPPD/UR/2014-15/125/01-08-2014/1469/14/08/2014/2/09/2014 180.00 2 ن ش ا ء B-548008 02/03/2019 1 180.00 Urdu Bks
    Dewey Decimal Classification   Not For Loan Fiction D.B.Act.Division D.B.Act.Division 17/02/2015 DBAD/Pub. 180.00   ن ش ا ء U-7178 17/02/2015 1 180.00 Urdu Bks
  Written-off vide DLB M. No. 383 dt 16.05.19 Dewey Decimal Classification     Fiction Patel Nagar Patel Nagar 19/11/2014 BPPD/UR/2014-15/125/01-08-2014/1469/14/08/2014/2/09/2014 180.00   ن ش ا ء B-548009 19/11/2014 1 180.00 Urdu Bks
    Dewey Decimal Classification     Fiction Sarojini Nagar Sarojini Nagar 19/11/2014 BPPD/UR/2014-15/125/01-08-2014/1469/14/08/2014/2/09/2014 180.00   ن ش ا ء B-548010 19/11/2014 1 180.00 Urdu Bks
    Dewey Decimal Classification     Fiction Shahdara Branch Shahdara Branch 19/11/2014 BPPD/UR/2014-15/125/01-08-2014/1469/14/08/2014/2/09/2014 180.00   ن ش ا ء B-548011 19/11/2014 1 180.00 Urdu Bks

© Delhi Public Library
Hit Counter
free hit counter